| 000 | 01867nam a22002657a 4500 | ||
|---|---|---|---|
| 003 | DO-SdBNP | ||
| 005 | 20210419134756.0 | ||
| 008 | 210312b1999 dr 00| 0 spa d | ||
| 020 | _a8492184566 | ||
| 040 |
_aBPMSU _bspa _cBPMSU |
||
| 082 |
_a338.97293 _bS194p,1999 _222 |
||
| 100 | 1 | _aSan Miguel, Pedro L | |
| 245 | 1 | 3 |
_aEl pasado relegado: _bestudios sobre la historia agraria dominicana / _cPedro L. San Miguel |
| 260 |
_aSanto Domingo : _bLibrería la Trinitaria ; _bFacultad Latinoamericana de Ciencia Sociales _c1999. |
||
| 300 |
_a304 p.; _c21 cm. |
||
| 500 | _a | ||
| 504 | _aBibliografía : p. 278 -304. | ||
| 505 | _aEl pasado relegado: Una mirada a la historia agraria dominicana -- Las sociedades campesinas antillanas: Un contrapunteo entre Puerto Rico y la República Dominicana -- Campesinado y agricultura comercial en el Cibao, 1900-1960 -- Crisis económica e intervención estatal: El plan de valorización del tabaco en los años treinta -- El Leviatán dominicano y el campesinado: Una perspectiva histórico-social -- Las luchas campesinas en la República Dominicana durante el siglo XX -- Exacción estatal y resistencias campesinas en el Cibao durante la ocupación de 1916-24 -- Entre el agrarismo oficial y el agrarismo campesino: la lucha por la tierra, 1968-78. | ||
| 590 | _6Inventariado 2021/ MC. | ||
| 650 | 4 |
_aCampesinos _zRepública Dominicana _xHistoria |
|
| 650 | 4 |
_aAgricultura _xAspectos económicos _zRepública Dominicana |
|
| 650 | 4 |
_aAgricultura y Estado _zRepública Dominicana. |
|
| 910 | _aMCabrera / VMateo | ||
| 942 |
_2ddc _cBK |
||
| 999 |
_c13393 _d13393 |
||